| 000 | 00757nam a22002417a 4500 | ||
|---|---|---|---|
| 003 | OSt | ||
| 005 | 20251024021831.0 | ||
| 008 | 251021b |||||||| |||| 00| 0 eng d | ||
| 020 | _a0-312-43204-6. | ||
| 040 |
_aDWCL-Main lib _cOC |
||
| 082 | _aCirc. 302.23 C189m 2006 | ||
| 100 | _aCampbell, Richard | ||
| 245 |
_aMedia and culture : _ban introduction to mass media communication |
||
| 260 |
_aBoston : _bBedford/St. Martins, _cc2006. |
||
| 300 |
_axxii, 625 pages : _billustration ; _c27 cm. |
||
| 504 | _aIncludes bibliographical references and index. | ||
| 504 | _aIncludes index. | ||
| 650 | _21. Culture. | ||
| 650 | _22. Mass media | ||
| 700 | _aMartin, Christopher R. | ||
| 700 | _aFabos, Bettina | ||
| 942 |
_2ddc _cBK-CIRC _e5th ed. _kCirc. _n0 |
||
| 999 |
_c4957 _d4957 |
||